000 00909nam a22002415i 4500
001 164935
003 ES-MaACL
005 20240525062951.0
008 050812s1839 fr af | |||||||| ||fre d
040 _aCAM
_bspa
_cCAM
080 _a087.5:82
100 1 _aSchmid, Christoph von,
_d1768-1854
_9104449
245 1 4 _aLes deux frères /
_cChanoine C. Schmid ; traduit de l'allemand par l'Abbé Macker.
260 _aParis :
_bPitois-Levrault et C.,
_c1839 (
_fImprimerie de H. Fournier et C.)
300 _a143 p., [2] h. de lám. ;
_c14 cm.
490 1 _aCollection des contes de M. Le Chanoine Schmid
598 _aDato de serie tomado de la cub.
700 1 _aMacker
_c, Abbé.
_9129296
830 0 _aCollection des contes de M. Le Chanoine Schmid
_9188514
852 _aES-MaACL
_jD-3963(1)
_z-- Enc. hol., conservando la cub. original
999 _c164935
_d164935